[Event "Sarajevo Bosna op 45th"]
[Site "Sarajevo"]
[Date "2015.06.02"]
[Round "5"]
[White "Popovic, Zoran"]
[Black "Drazic, Sinisa"]
[Result "1-0"]
[WhiteElo "2309"]
[BlackElo "2439"]
[PlyCount "119"]
[EventDate "2015.05.30"]
[EventType "swiss"]
[EventRounds "9"]
[EventCountry "BIH"]
[SourceTitle "CBM 166 Extra"]
[Source "ChessBase"]
[SourceDate "2015.06.18"]
[SourceVersion "1"]
[SourceVersionDate "2015.06.18"]
[SourceQuality "1"]

1. d4 e6 2. c4 Nf6 3. Nc3 c5 4. d5 d6 5. e4 g6 6. h3 Bg7 7. Nf3 0-0 8. Bd3 exd5 9. exd5 Re8+ 10. Be3 Bh6 11. 0-0 Bxe3 12. fxe3 Qe7 13. e4 Nbd7 14. Qd2 Rf8 15. Qh6 Ne8 16. Rf2 Ne5 17. Nxe5 Qxe5 18. Raf1 Bd7 19. Qf4 Qxf4 20. Rxf4 Kg7 21. a3 a5 22. Bc2 Rb8 23. Ba4 Bxa4 24. Nxa4 b5 25. cxb5 Rxb5 26. R1f2 f6 27. g4 Rf7 28. Kf1 Re7 29. Nc3 Rb3 30. R4f3 Reb7 31. Na4 Rxf3 32. Rxf3 Nc7 33. Ke1 Nb5 34. Rb3 c4 35. Re3 g5 36. Kd2 Kg6 37. Re1 Nd4 38. Re3 Rc7 39. Nb6 h5 40. Rc3 hxg4 41. hxg4 Nb3+ 42. Ke3 Nc5 43. Nxc4 Rh7 44. Nxd6 Na4 45. Rc2 Rh3+ 46. Kd4 Rg3 47. Nc4 Kf7 48. Ne3 Rg1 49. Rc7+ Ke8 50. b3 Nb6 51. Kc5 Nd7+ 52. Kd6 Ne5 53. Ke6 Kd8 54. Rg7 Re1 55. d6 Kc8 56. Rc7+ Kd8 57. Rc3 Re2 58. b4 axb4 59. axb4 Nxg4 60. d7 1-0

[Event "Sarajevo Bosna op 45th"]
[Site "Sarajevo"]
[Date "2015.05.31"]
[Round "2"]
[White "Stevic, Hrvoje"]
[Black "Popovic, Zoran"]
[Result "1-0"]
[WhiteElo "2596"]
[BlackElo "2309"]
[PlyCount "67"]
[EventDate "2015.05.30"]
[EventType "swiss"]
[EventRounds "9"]
[EventCountry "BIH"]
[SourceTitle "CBM 166 Extra"]
[Source "ChessBase"]
[SourceDate "2015.06.18"]
[SourceVersion "1"]
[SourceVersionDate "2015.06.18"]
[SourceQuality "1"]

1. e4 c6 2. d4 d5 3. e5 Bf5 4. h4 h5 5. Bd3 Bxd3 6. Qxd3 e6 7. Bg5 Be7 8. Nf3 Nh6 9. Nc3 Nf5 10. Ne2 Nd7 11. Ng3 Nxg3 12. fxg3 Nf8 13. 0-0 f5 14. exf6 gxf6 15. Bf4 Qd7 16. Qe2 0-0-0 17. Rae1 Bd6 18. Nd2 Bxf4 19. gxf4 Re8 20. f5 e5 21. dxe5 fxe5 22. Nf3 e4 23. Ng5 Qc7 24. Qf2 Kb8 25. f6 Rc8 26. c4 Ng6 27. f7 Qe5 28. Qf6 Qxf6 29. Rxf6 Nf8 30. cxd5 cxd5 31. Rd6 Kc7 32. Rxd5 Rh6 33. Rxe4 Rf6 34. Re8 1-0